1349 1737 1633 1761 1471 1042 1730 1913 1836 1507 1065 1514 1972 1514 1689 1813 1626 1243 1377 1417 1094 1431 1097 1580 1381 1924 1790 1194 1402 1562 1970 1128 1924 1854 1376 1149 1731 1294 1925 1761 1962 1752 1122 1512 1655 1615 1448 1219 1114 1674 1344 1961 1404 1902 1128 1634 1348 1841 1332 1996 1427 1611 1353 1247 1905 1959 1744 1322 1173 1476 1888 1391 1497 1706 1585 1816 1311 1887 1258 1132 1055 1410 1008 1948 1957 1484 1534 1078 1107 1860 1485 1704 1102 1460 1726 1523 1683 1580 1666 BCNSPRNW ULIB Ver.6.0+V

เปลี่ยนเป็นภาษาไทย

Change to English
 แสดงรายละเอียดบรรณานุกรม
  กลับหน้าหลัก

Brief Record : Get Marc (ISO 2709) : E-mail record : QR code < ปิดหน้าต่าง
LEADER : 00000nam 2200000uu 4500
001    13399108838
003     ULIB
008    110315s2552||||th 000 0 tha d
020    9789740318965
060 04 WS105.5.M3^bผ113ส 2552
100 0  ผกา สัตยธรรม
245 10 สุขภาพจิตเด็ก /^cผกา สัตยธรรม
250    พิมพ์ครั้งที่ 8
260    กรุงเทพฯ :^bสำนักพิมพ์แห่งจุฬาลงกรณ์มหาวิทยาลัย,^c2552
300    220 หน้า :^bภาพประกอบ ;^c21 ซม.
500    ตำราในโครงการและเอกสารทางวิชาการ คณะครุศาสตร์จุฬาลงกรณ์มหาวิทยาลัย
650  7 จิตวิทยเด็ก
650  7 เด็ก^xการดูแล
650  7 เด็ก^xสุขภาพจิต
650  7 เด็กที่เป็นปัญหา
650  7 สุขภาพจิต^xในวัยทารกและเด็ก
945    ^p155^l0^i028712
945    ^p155^l0^i028489
945    ^p155^l0^i022611
945    ^p155^l0^i022610
945    ^p155^l0^i015319
945    ^p155^l0^i015317
945    ^p155^l0^i028711
945    ^p155^l0^i022612
945    ^p155^l0^i015318
995    เกษร
999 ^a ใช้งานได้ทุกระบบ
รายการนี้ยังไม่มีแท็ก
คุณยังไม่ได้ล็อกอิน คุณสามารถมีกิจกรรมร่วมกับเว็บไซต์ได้ แต่ต้องล็อกอินก่อน ::
  ล็อกอิน

รายการสื่อสารสนเทศ

ลำดับที่ ประเภท เลขเรียก/บาร์โค้ด สถานที่ สถานะ
- ไม่พบข้อมูล -

รายการใกล้เคียง
    ผู้แต่ง [ผกา สัตยธรรม]

    หัวเรื่อง [จิตวิทยเด็ก]
    หัวเรื่อง [เด็ก การดูแล]
    หัวเรื่อง [เด็กที่เป็นปัญหา]

BibComment


ยังไม่เคยถูกคอมเมนท์

คอมเมนท์ทรัพยากรรายการนี้
  คอมเมนท์: สุขภาพจิตเด็ก ผก..


 Copyright 2026. Bcnsprnw @Library